000 nam a22 a 4500
999 _c1591
_d1591
003 AKMAL
005 20170511100606.0
008 170511s1996 my 00 may d
020 _a9676535605:
_cRM 45.00
040 _aAKMAL
082 0 4 _a324.22 MOH
090 _a324.22
_bMOH
100 _aWan Mohd. Mahyiddin,
_d1942-
_93226
245 1 0 _aKepemimpinan :
_bsorotan pelbagai aspek bagi meningkatkan kualiti dan pencapaian /
_cWan Mohd Mahyiddin
260 _aShah Alam :
_bFajar Bakti,
_c1996
300 _axxii, 305ms. :
_bil. ;
_c23cm
504 _aBibliografi: ms. [298]-301
650 _aPolitical leadership
_93227
650 _aLeadership
_9120
942 _2ddc
_cBOOK